000 00945nam a22002297a 4500
001 0000003899
003 PPM
005 20260415162220.0
008 260415b ||||| |||| 00| 0 eng d
020 _a9839827200
_qPaperback
035 _a0000003899
040 _bMalay
_cPusat Penyelidikan Mineral, Jabatan Mineral dan Geosains Malaysia
_dPPM
082 0 0 _222
_a351.595
_bPER 2006
245 1 0 _aPerkhidmatan Awam Malaysia : Meningkatkan Kecekapan dan Keberkesanan Sistem Penyampaian Perkhidmatan
260 1 _aPutrajaya :
_bUnit Pemodenan Tadbiran dan Perancangan Pengurusan Malaysia,
_c2006
300 0 0 _aix, 132 pages .:
_btable, illustrations .;
_c25 cm
500 _aMengandungi lampiran A - J sebagai rujukan tambahan
650 1 0 _aPublic administration
_xManagement
_zMalaysia
650 2 0 _aCivil service
_xManagement
_zMalaysia
710 1 _aMalaysia
_bUnit Pemodenan Tadbiran dan Perancangan Pengurusan Malaysia
942 _2ddc
_cBK
999 _c27195
_d27195